Datum a čas kvízu
20.5
Celkem bodů
Celkový počet nahraných bodů na tomto kvízu bez doplňovacích otázek.
12.
Pořadí na kvízu
Konečné umístění týmu na tomto kvízu.
Zaznamenané odpovědi
| # | Otázka | Odpověď | Body | Výsledky |
|---|---|---|---|---|
| 1. | Kdo byl ve středu vládou jedno... | Lenka Bradáčová | 1 | |
| 2. | Papež František v pondělí učin... | jmenoval ženu do církevního úřadu | 0 | |
| 3. | Jak se jmenuje 49letá hollywoo... | Angelina Jolie | 1 | |
| 4. | V úterý jsme se dozvěděli, že... | XXXLutz | 0 | |
| 5. | Loňský (a celkově čtyřnásobný)... | Carlos Sainz | 1 | |
| 6. | Toto téma jste si odhlasovali... | B | 1 | |
| 7. | Jistý uznávaný český básník je... | Svatební košile; Jaroslav Vrchlický | 0 | |
| 8. | Zákaz účasti osobám mladším 18... | B, D, A, C | 0 | |
| 9. | Přiřaďte fotografie těchto por... | 1D 2C 3A 4B | 0 | |
| 10. | V roce 2009 vydala jedna poměr... | Rammstein | 0 |